000 00487nam a2200205Ia 4500
003 OSt
005 20221005130501.0
006 a|||||r|||| 00| 0
007 ta
008 221004b |||||||| |||| 00| 0 eng d
024 _a42411
037 _cTextual
040 _aCRL
_cCRL
_beng
041 _2eng
_aeng
082 _aTv2.N6, K1
245 0 _aReview of education in india 1947-61
260 _c1961
942 _hTv2.N6, K1
_cTEXL
_2cc
999 _c1057398
_d1057398